| 000 | 00602nam a2200241 a 4500 | ||
|---|---|---|---|
| 001 | nice12345678 | ||
| 003 | IN_TiNIC | ||
| 005 | 20260116011320.0 | ||
| 008 | 050524s1967 puna grp 000 0 eng | ||
| 020 |
_a _c2.25 |
||
| 082 | 0 | 0 |
_a230.1 _bDAV |
| 100 | _aDavey, Cyril J | ||
| 245 |
_aYellow Robe _b Story of Sadhu Sunder Singh |
||
| 260 |
_aPunjab _bChristian Literature Centre _c1967 |
||
| 300 | _a95p | ||
| 500 | _aincludes index and biblioraphy | ||
| 505 | 2 | _aBIBLIOGRAPHY | |
| 650 | _aSadhu Sunder Singh | ||
| 700 | 1 | _aDavey, Cyril J | |
| 902 | _bSRS | ||
| 942 | _cBK | ||
| 999 |
_c432 _d432 |
||